000 01400cam a22003014a 4500
001 12944676
003 OSt
005 20210414113932.0
008 020925s2003 nyu b 000 0 eng
010 _a 2002015911
020 _a0851996655 (alk. paper)
040 _aDLC
_cDLC
_dDLC
042 _apcc
050 0 0 _aG156.5.E26B83
082 0 0 _a338.4/791
_221
100 1 _aBuckley, Ralf.
245 1 0 _aCase studies in ecotourism. /
_cRalf Buckley.
260 _aWallingford, Oxon, UK ;
_aCambridge, MA, USA :
_bCABI Pub.,
_cc2003.
300 _axviii, 264 p. ;
_c24 cm.
504 _aIncludes bibliographical references (p. 247-264).
505 _aContents: Introduction: aims, scope and focus -- Case study approach -- Methods -- Africa -- Asia: pacific -- Australia and New Zealand -- South and Central America -- North America and Europe -- Arctic and Antarctic tourism -- Test cases -- Discussion and conclusions.
650 0 _aEcotourism.
856 4 2 _3Publisher description
_uhttp://www.loc.gov/catdir/enhancements/fy0612/2002015911-d.html
856 4 1 _3Table of contents only
_uhttp://www.loc.gov/catdir/enhancements/fy0612/2002015911-t.html
906 _a7
_bcbc
_corignew
_d1
_eecip
_f20
_gy-gencatlg
942 _2lcc
_cBK
999 _c793
_d8293